00325nam a2200109Ia 4500008004100000082000800041100001700049245003300066942000600099952009500105999001500200240331s9999 xx 000 0 und d bFIT aFitzwater, E 0aPride and Prejudice :bnotes cL 001040708LaWERCLbWERCLcSSCd2024-03-31l0o 820 FITp4043r2024-03-31w2024-03-31yL c3134d3134